الهند : (Record no. 25871)
[ view plain ]
| 000 -الفاتح | |
|---|---|
| حقل البيانات ثابتة الطول | 01114nam a22002775a 4500 |
| 003 - محدد رقم الضبط | |
| رقم الضبط | OSt |
| 005 - وقت وتاريخ اخر تعامل مع التسجيلة | |
| رقم الضبط | 20180106103005.0 |
| 008 - عناصر البيانات ثابتة الطول - معلومات عامة | |
| حقل البيانات ثابتة الطول | 180106s2012 ii o gr 000 0 ara d |
| 020 ## - الرقم الدولى المعيارى للكتب | |
| الرقم الدولى المعيارى للكتاب | 9788174368805 |
| 040 ## - مصدر الفهرسة | |
| وكالة الفهرسة الأصلية | EG-ScBUE |
| لغة الفهرسة | ara |
| وكالة النسخ | EG-ScBUE |
| 043 ## - رمز المنطقة الجغرافية | |
| رمز المنطقة الجغرافية | a-ii--- |
| 082 04 - رقم تصنيف ديوى العشرى | |
| رقم التصنيف | 330.9540904 |
| رقم المادة | م ا ك |
| رقم الطبعة | 22 |
| 100 1# - المدخل الرئيسى - إسم شخصى | |
| الإسم الشخصى | مالك، أشوك. |
| 245 10 - بيان العنوان | |
| العنوان | الهند : |
| بقية العنوان | روح المبادرة / |
| بيان المسئوليه,etc | تاليف أشوك مالك ؛ تقديم تي. إن. نينان ؛ إشراف برامود كابور. |
| 260 ## - PUBLICATION, DISTRIBUTION, ETC. (IMPRINT) | |
| مكان الناشر او الموزع | نيو دلهي : |
| اسم الناشر او الموزع | رولي بوكس : |
| -- | لستر بريس، |
| تاريخ النشر أو التوزيع | 2012. |
| 300 ## - الوصف المادى | |
| التعداد | 253 ص. : |
| تفاصيل ماديه اخرى للوعاء | صور (لو.) ؛ |
| أبعاد الوعاء | 28 سم. |
| 541 ## - تبصرة المصدر المباشر للتزويد | |
| مصدر التزويد | د. أحمد حمد ؛ |
| طريقة التزويد | إهداء ؛ |
| 650 ## - المدخل الاضافى بالموضوع-مصطلح موضوعى | |
| مصدر الرأس أو المصطلح | BUEsh |
| 651 #7 - المدخل الاضافى بالموضوع - اسم جغرافى | |
| الاسم الجغرافي | الهند |
| التقسيم الفرعي العام | أحوال اقتصادية. |
| التقسيم الفرعي الزمني | قرن 20. |
| مصدر الرأس أو المصطلح | BUEsh |
| 651 #7 - المدخل الاضافى بالموضوع - اسم جغرافى | |
| الاسم الجغرافي | الهند |
| التقسيم الفرعي العام | سياسة اقتصادية. |
| التقسيم الفرعي الزمني | قرن 20. |
| مصدر الرأس أو المصطلح | BUEsh |
| 651 #7 - المدخل الاضافى بالموضوع - اسم جغرافى | |
| الاسم الجغرافي | الهند |
| التقسيم الفرعي العام | سياسة وحكومة. |
| التقسيم الفرعي الزمني | قرن 20. |
| مصدر الرأس أو المصطلح | BUEsh |
| 653 ## - مصطلح تكشيفى غير مقيد | |
| Resource For college | Generalities |
| -- | BAEPS, Economics |
| -- | BAEPS, Political Science |
| Arrived date list | January2018 |
| 700 1# - المدخل الاضافى - اسم شخصى | |
| الإسم الشخصى | نينان، تي. إن.، |
| الدور | مقدم. |
| 700 1# - المدخل الاضافى - اسم شخصى | |
| الإسم الشخصى | كابور، برامود، |
| الدور | مشرف. |
| 942 ## - عناصر المدخل الإضافي( كوها) | |
| مصدر التصنيف او مخطط الترفيف | Dewey Decimal Classification |
| حالة التراجع | حالة الفقد | مصدر التصنيف او خطة الترفيف | حالة تلف | ليس للاعارة | مجموعات كوها | المكان الدائم | المكان الحالي | موقع الترفيف | تاريخ الاكتساب | Source of acquisition | رقم الاستدعاء | الباركود | Date last seen | مُعار | تبصرة غير عامة( المفوع للعناصر المفقوده) | نوع الوعاء |
|---|---|---|---|---|---|---|---|---|---|---|---|---|---|---|---|---|
| Dewey Decimal Classification | Donation-Gift | Central Library | Central Library | First floor | 06/01/2018 | Donation | 330.9540904 م ا ك | 000042785 | 15/07/2025 | 09/10/2022 | إهداء من دكتور أحمد حمد | Book - Borrowing |